|
|
|
|
| LEADER |
00811pam a22002418a 4500 |
| 001 |
00042979 |
| 005 |
20181031091007.0 |
| 008 |
161121s2013 ||||||Viesd |
| 020 |
# |
# |
|a 978 604 77 4204 2
|c 89000
|
| 041 |
0 |
# |
|a Vie
|
| 082 |
1 |
4 |
|a 158.1
|b PH100V
|
| 100 |
1 |
# |
|a Schuster, Steven
|
| 245 |
0 |
0 |
|a Phá vỡ lối mòn tư duy
|c Steven Schuster; Lê Hồng Phương Hạ (dịch)
|
| 260 |
# |
# |
|a Hà Nội
|b Thế giới
|c 2018
|
| 300 |
# |
# |
|a 193 tr.
|c 21 cm
|
| 653 |
# |
# |
|a Cuộc sống
|
| 653 |
# |
# |
|a Thành công
|
| 653 |
# |
# |
|a Tâm lí học ứng dụng
|
| 653 |
# |
# |
|a Tư duy
|
| 700 |
1 |
# |
|a Lê, Hồng Phương Hạ
|e (dịch)
|
| 852 |
# |
# |
|j KM.0025624
|j KD.0024890
|
| 910 |
0 |
# |
|d 31/10/2018
|
| 980 |
# |
# |
|a Trung tâm Học liệu Lê Vũ Hùng, Trường Đại học Đồng Tháp
|